Countries That No Longer Exist - Statistics

General Stats
  • This quiz has been taken 105 times
    83 since last reset
  • The average score is 18 of 38
Answer Stats
Year Of Downfall Country Currently % Correct
1990 East Germany Germany
85%
1990 West Germany Germany
83%
1992 Yugoslavia
79%
1991 Soviet Union
77%
1707 Scotland United Kingdom
75%
1846 Texas United States
74%
1707? Wales United Kingdom
72%
1975 South Vietnam Vietnam
70%
1951 Tibet China
70%
1992 Czechoslovakia
66%
1707 England United Kingdom
64%
1453 Byzantium
62%
1918 Austria-Hungary
58%
1990 North Yemen Yemen
58%
1990 South Yemen Yemen
58%
1893 Hawaii United States
57%
1922 Ottoman Empire
57%
1979 Rhodesia Zimbabwe
57%
1865 Confederate States Of America United States
55%
1834 Newfoundland Canada
53%
323 BC Persia
49%
1971 East Pakistan Bangladesh
45%
1933 Prussia
43%
1975 Sikkim India
42%
1939 Catalonia Spain
40%
1791 Vermont United States
40%
1806 Holy Roman Empire
36%
1971 Bengal
34%
1736 Corsica France
32%
1945 Korea
28%
1831 Gran Colombia
17%
1966 Basutoland Lesotho
15%
1936 Abyssinia
13%
1845 West Florida United States
13%
1971 United Arab Republic
11%
1815 Republic Of Genoa
9%
1920 Neutral Moresnet Belgium
8%
1821 New Granada
6%
No matching quizzes found
Score Distribution
Percent of People with Each Score
Percentile by Number Answered
Your Score History
You have not taken this quiz since the last reset